Statistics for Rivers that Flow through the Most Countries

Click here to take the quiz!

General Stats

  • This quiz has been taken 19,591 times
    (19,575 since last reset)
  • The average score is 4 of 9

Answer Stats

# River % Correct
11Nile
94%
10Danube
85%
6Rhine
71%
10Congo
52%
6Mekong
44%
5Niger
35%
6Zambezi
30%
5Drava
5%
5Tisza
4%

Score Distribution

Percentile by Number Answered

Percent of People with Each Score

Your Score History

You have not taken this quiz since the last reset